Formel 1 Fahrer 2014 + Testfahrer - Statistiken

Allgemein
  • Dieses Quiz wurde 15 mal gespielt
  • Das Durchschnittsergebnis liegt bei 23 aus 59
Antwortstatistiken
Team Nation Stamm-/Testfahrer Fahrer % Korrekt
Mercedes Großbritannien Stamm Lewis Hamilton
100%
Red Bull Australien Stamm Daniel Ricciardo
93%
Ferrari Spanien Stamm Fernando Alonso
93%
Ferrari Finnland Stamm Kimi Räikkönen
93%
Mercedes Deutschland Stamm Nico Rosberg
93%
Red Bull Deutschland Stamm Sebastian Vettel
93%
McLaren Großbritannien Stamm Jenson Button
80%
McLaren Dänemark Stamm Kevin Magnussen
80%
Toro Rosso Niederlande Test Max Verstappen
80%
Force India Mexiko Stamm Sergio Perez
80%
Force India Deutschland Stamm Nico Hülkenberg
73%
Lotus F1 Venezuela Stamm Pastor Maldonado
73%
Lotus F1 Frankreich Stamm Romain Grosjean
73%
Toro Rosso Russland Stamm Danil Kvyat
67%
Mercedes Deutschland Test Pascal Wehrlein
67%
Sauber Deutschland Stamm Adrian Sutil
60%
Red Bull Spanien Test Carlos Sainz jr.
60%
Williams Finnland Stamm Valtteri Bottas
60%
Williams Brasilien Stamm Felipe Massa
53%
Ferrari Frankreich Test Jules Bianchi
53%
Marussia Frankreich Stamm Jules Bianchi
53%
Lotus F1 Frankreich Test Esteban Ocon
47%
Caterham Japan Stamm Kamui Kobayashi
47%
Sauber Schweden Test Marcus Ericsson
47%
Caterham Schweden Stamm Marcus Ericsson
47%
Red Bull Schweiz Test Sebastien Buemi
47%
Sauber Mexiko Stamm Esteban Gutierrez
40%
McLaren Belgien Test Stoffel Vandoorne
40%
Ferrari Spanien Test Pedro de la Rosa
33%
Marussia Großbritannien Stamm Max Chilton
27%
Marussia USA Stamm/Ersatz Alexander Rossi
20%
Caterham USA Test Alexander Rossi
20%
Caterham Deutschland Stamm Andre Lotterer
20%
Sauber Niederlande Test Giedo van der Garde
20%
Toro Rosso Frankreich Stamm Jean-Eric Vergne
20%
Ferrari Spanien Test Marc Gene
20%
Marussia Großbritannien Test Will Stevens
20%
Caterham Großbritannien Stamm/Ersatz Will Stevens
20%
Red Bull Portugal Test Antonio Felix da Costa
13%
Lotus F1 Frankreich Test Charles Pic
13%
Williams Brasilien Test Felipe Nasr
13%
McLaren Großbritannien Test Gary Paffett
13%
Force India Großbritannien Test Jolyon Palmer
13%
Lotus F1 Frankreich Test Nicholas Prost
13%
Caterham Spanien Test Roberto Merhi
13%
Sauber Russland Test Sergei Sirotkin
13%
Sauber Hongkong Test Adderly Fong
7%
Lotus F1 Großbritannien Test Alex Lynn
7%
Force India Spanien Test Daniel Juncadella
7%
Ferrari Italien Test Davide Rigon
7%
Lotus F1 Dänemark Test Marco Sorensen
7%
McLaren Großbritannien Test Oliver Turvey
7%
Ferrari Italien Test Raffaele Marciello
7%
Caterham Niederlande Test Robin Frijns
7%
Sauber Schweiz Test Simona de Silvestro
7%
Force India Australien Test Spike Goddard
7%
Williams Großbritannien Test Susie Wolff
7%
Force India Argentinien Test Facu Regalia
0%
Caterham Kolumbien Test Julian Leal
0%
Keine übereinstimmenden Quizze gefunden
Verteilung der Resultate
Anzahl Personen mit jedem Resultat
Perzentil nach korrekt beantworteten Fragen
Ihre Resultats-Entwicklung
Sie haben dieses Quiz noch nicht gespielt